Catálogo
 En Linea

Manual de ejercicios físicos para el Ejército Nacional. / (Registro nro. 52435)

Detalles MARC
000 -CABECERA
campo de control de longitud fija 01739nam a2200241 a 4500
003 - IDENTIFICADOR DEL NÚMERO DE CONTROL
campo de control DO-SdBNP
005 - FECHA Y HORA DE LA ÚLTIMA TRANSACCIÓN
campo de control 20220926085154.0
007 - CAMPO FIJO DE DESCRIPCIÓN FÍSICA--INFORMACIÓN GENERAL
campo de control de longitud fija ta
008 - DATOS DE LONGITUD FIJA--INFORMACIÓN GENERAL
campo de control de longitud fija 220921e1998 dr a|||grf||| 000 0 spa d
040 ## - FUENTE DE LA CATALOGACIÓN
Centro catalogador/agencia de origen DO-SdBNP
Lengua de catalogación spa
Centro/agencia transcriptor BNPHU
082 #4 - NÚMERO DE LA CLASIFICACIÓN DECIMAL DEWEY
Número de edición 22
Número de documento/Ítem M294e
245 00 - MENCIÓN DE TÍTULO
Título Manual de ejercicios físicos para el Ejército Nacional. /
260 ## - PUBLICACIÓN, DISTRIBUCIÓN, ETC.
Lugar de publicación, distribución, etc. Santo Domingo :
Nombre del editor, distribuidor, etc. Ejército Nacional,
Fecha de publicación, distribución, etc. 1998
300 ## - DESCRIPCIÓN FÍSICA
Extensión [44] p. :
Otras características físicas il. ;
Dimensiones 21 cm.
490 ## - MENCIÓN DE SERIE
Mención de serie Publicaciones del Ejército Nacional
500 ## - NOTA GENERAL
Nota general La Biblioteca posee el vol. XI
505 ## - NOTA DE CONTENIDO CON FORMATO
Nota de contenido con formato Introducción.
Título Para qué sirven los ejercicios.--
-- como se progresa.--
-- Fijando su propia meta.--
-- Cuando y con qué frecuencia hacer ejercicios.--
-- Los soldados pueden ser deficientes en su nivel de acondicionamiento debido a.--
-- Ejercicio de estiramiento.--
-- Rotación del cuello.--
-- Estirar cuello y hombros.--
-- Estiramiento del pecho.--
-- Estirar alternando un lado.--
-- Estirar un lado.--
-- Sentado a lo largo.--
-- Estiramiento de la rodilla.--
-- Estiramiento del muslo.--
-- Estiramiento de la cintura y muslo.--
-- Estiramiento de la ingle.--
-- Ejercicio de acondicionamiento físico.--
-- Salto a lo alto.--
-- Girar y doblar.--
-- Flexione de brazos (pechadas).--
-- Flexión lateral del tronco.--
-- Torcer el tronco.--
-- Sentarse en cuclillas y doblar el torso hacia adelante.--
-- Flexión de rodillas.--
-- Trote en su lugar (cadencia rápida).--
-- Reglamentación para prueba física.--
-- Volver a tomar eventos.--
-- Secuencia de la pruebe.--
-- Pechadas.--
-- Abdominales.--
-- Carrera de 2 millas.
590 ## - NOTA LOCAL (RLIN)
Nota local Inventariado 2022 / MF
650 #4 - PUNTO DE ACCESO ADICIONAL DE MATERIA--TÉRMINO DE MATERIA
9 (RLIN) 77250
Término de materia o nombre geográfico como elemento de entrada Ejército Nacional
Subdivisión de forma Manuales
Subdivisión geográfica República Dominicana
710 #4 - PUNTO DE ACCESO ADICIONAL--NOMBRE DE ENTIDAD CORPORATIVA
9 (RLIN) 58697
Nombre de entidad corporativa o nombre de jurisdicción como elemento de entrada República Dominicana.
Unidad subordinada Ejército Nacional
910 ## - DATOS DE OPCIÓN DEL USUARIO (OCLC)
Datos de opción del usuario MFeliz
942 ## - ELEMENTOS DE PUNTO DE ACCESO ADICIONAL (KOHA)
Fuente del sistema de clasificación o colocación Dewey Decimal Classification
Tipo de ítem Koha Folleto
Existencias
Estado de retiro Estado de pérdida Fuente del sistema de clasificación o colocación Restricciones de uso No para préstamo Código de colección Localización permanente Ubicación/localización actual Ubicación en estantería Fecha de adquisición Fuente de adquisición Total de préstamos Signatura topográfica completa Código de barras Fecha visto por última vez Precio válido a partir de Tipo de ítem Koha
    Dewey Decimal Classification Excluido de préstamo   Patrimonio Dominicano Biblioteca Nacional Pedro Henríquez Ureña Biblioteca Nacional Pedro Henríquez Ureña Depósito 21.07.2018 Donado por CERTV   M294e 2022-4014 21.09.2022 21.09.2022 Folleto

Con tecnología Koha